| 000 | 00563nam a2200193Ia 4500 | ||
|---|---|---|---|
| 005 | 20250508153034.0 | ||
| 008 | 008 250505s9999 xx 000 0 eng d | ||
| 037 | _aBooks to be hide in OPAC | ||
| 040 |
_aFEDL _beng _cFEDL |
||
| 041 |
_aeng _2eng |
||
| 084 |
_a371.8, BAI/O _qFEDL |
||
| 100 |
_aBailard Virginia _9139938 |
||
| 245 | 0 | _aSo you were elected! | |
| 260 |
_aNew York, USA _bMcGraaw Hill Book Company, Inc _c1946 |
||
| 300 | _axi,264p | ||
| 700 |
_a McKown Harry C _9763033 |
||
| 942 |
_cHB _h371.8, BAI/O |
||
| 999 |
_c1340305 _d1340305 |
||